000 00656nam a2200253Ia 4500
003 OSt
005 20220918163947.0
006 a|||||r|||| 00| 0
007 ta
008 220917b |||||||| |||| 00| 0 eng d
020 _a034079061X (pbk)
024 _a196,117
037 _cTextual
040 _aARTS
_cARTS
_beng
041 _2eng
_aeng
082 _aS, P1
100 _aGross Richard
_916283
245 0 _aPsychology
_b The science of mind and behaviour
250 _a4th Ed.
260 _aLondon
_bLicensing agency
_c2001
300 _ax, 838 p.
_ccm.
942 _hS, P1
_cTEXL
_2CC
999 _c122351
_d122351